| 000 | 00752nam a22002177i 4500 | ||
|---|---|---|---|
| 003 | DO-SdBNP | ||
| 005 | 20241106065556.0 | ||
| 007 | ta | ||
| 008 | 210922e2015 dr a|||er|||| 00| 0dsà d | ||
| 020 | _a9789945803877 | ||
| 040 |
_aDO-SdBNP _bspa _cBNPHU _erda |
||
| 082 | 4 |
_axxx _bS474v _222 |
|
| 100 | 1 |
_aSención Santana, Ramón _d1937- _eautor _979994 |
|
| 245 | 1 | 0 |
_aVerdades ocultas, no tan ocultas / _cRamón Sención; Francisco Alberto Santana, prólogo |
| 264 |
_aHato Mayor del Rey, República Dominicana: _bYeraldin, _c2015 |
||
| 300 |
_a223 páginas; _c21 cm |
||
| 500 | _aIncluye biografía del autor en la cubierta posterior. | ||
| 590 | _aInventariado 2021 / MF | ||
| 700 | 1 |
_aSantana, Francisco Alberto, _epról. _979995 |
|
| 942 |
_2ddc _cLBS1 |
||
| 999 |
_c50616 _d50616 |
||